Бизнес-презентация: творческие идеи для блестящего выступления: пер. с англ.

Bibliographische Detailangaben
1. Verfasser: Сэмпсон Э. Элери
Sprache:Russisch
Veröffentlicht: Москва, Альпина Бизнес Букс, 2004
Schriftenreihe:Мастерская личного успеха
Schlagworte:
Format: Buch
KOHA link:https://koha.lib.tpu.ru/cgi-bin/koha/opac-detail.pl?biblionumber=69498

MARC

LEADER 00000nam0a2200000 4500
001 69498
005 20231031075846.0
010 |a 5961400654 
035 |a (RuTPU)RU\TPU\book\73996 
090 |a 69498 
100 |a 20041026d2004 km y0rusy50 ca 
101 1 |a rus  |c eng 
102 |a RU 
105 |a a z 001zy 
200 1 |a Бизнес-презентация: творческие идеи для блестящего выступления  |e пер. с англ.  |f Э. Сэмпсон 
210 |a Москва  |c Альпина Бизнес Букс  |d 2004 
215 |a 200 с.  |c ил. 
225 1 |a Мастерская личного успеха 
320 |a Библиогр.: с. 199-200 
610 1 |a психология 
610 1 |a общение 
610 1 |a деловое общение 
610 1 |a деловые коммуникации 
610 1 |a презентации 
610 1 |a публичные выступления 
610 1 |a бизнес-презентация 
686 |a Ю953  |v LBC/SL-A  |2 rubbk 
686 |a Ю949.1  |v LBC/SL-A  |2 rubbk 
700 1 |a Сэмпсон  |b Э.  |g Элери 
801 1 |a RU  |b 63413507  |c 20041026  |g PSBO 
801 2 |a RU  |b 63413507  |c 20120423  |g PSBO 
900 |a Связи с общественностью в экономике и бизнесе 
942 |c BK